[Event "VIE-ch U09"]
[Site "Ho Chi Minh City"]
[Date "2014.07.18"]
[Round "9"]
[White "Nguyen, Viet Bach"]
[Black "Ton, That Viet Khoa"]
[Result "1/2-1/2"]
[WhiteElo "1535"]
[BlackElo "1497"]
[PlyCount "79"]
[EventDate "2014.07.13"]
[EventType "swiss"]
[EventRounds "9"]
[EventCountry "VIE"]
[SourceTitle "EXT 2016"]
[Source "ChessBase"]
[SourceDate "2015.10.08"]
[SourceVersion "1"]
[SourceVersionDate "2015.10.08"]
[SourceQuality "1"]

1. d4 Nf6 2. Nf3 d5 3. c4 c5 4. dxc5 Qa5+ 5. Nc3 e6 6. Bd2 Qxc5 7. cxd5 Nxd5 8. Rc1 Bd7 9. e4 Nxc3 10. Rxc3 Qd6 11. e5 Qb6 12. Qc1 Nc6 13. a3 h6 14. b4 a6 15. Be3 Qd8 16. Rd3 Rc8 17. Qd2 Be7 18. Be2 b5 19. 0-0 Rb8 20. Rd1 Rb7 21. Nd4 Nxe5 22. Rc3 Rc7 23. Rxc7 Qxc7 24. Bf4 Bg5 25. Bxe5 Qxe5 26. Qc2 Bf6 27. Nf3 Qc3 28. Qe4 Bc6 29. Qd3 Qxd3 30. Rxd3 0-0 31. Rd2 Rc8 32. h3 Bxf3 33. Bxf3 Be5 34. g3 Rc3 35. Be4 f5 36. Bb7 Rxa3 37. Re2 Bd6 38. Rxe6 Bxb4 39. Rxa6 Rxa6 40. Bxa6 1/2-1/2